00407nam a2200121Ia 45000010005000000080041000050820022000461000102000682450048001702600024002189010028002429990015002703843241024s9999 xx 000 0 und d aRD/382/C397m/2014 aRepública Dominicana. Centro de Exportación e Inversión de la República Dominicana CEI-RD 0aMarca País, República Dominicana CEI-RD bSanto Domingoc2014 a4/11/2014 10:54:30 a.m. c8259d8259